000 01463nam a2200373Ia 4500
001 ebr10135460
003 CaPaEBR
006 m u
007 cr cn|||||||||
008 050317s2005 nyua sb 001 0 eng d
010 _z 2005045940
020 _z1403978816
020 _z1403969833
040 _aCaPaEBR
_cCaPaEBR
035 _a(OCoLC)560463025
050 1 4 _aHG5450.3.A3
_bP38 2005eb
082 0 4 _a332.67/3/097286
_222
100 1 _aPaus, Eva.
245 1 0 _aForeign investment, development, and globalization
_h[electronic resource] :
_bcan Costa Rica become Ireland? /
_cEva Paus.
250 _a1st ed.
260 _aNew York :
_bPalgrave Macmillan,
_c2005.
300 _axvi, 250 p. :
_bill.
504 _aIncludes bibliographical references (p. [207]-237) and index.
533 _aElectronic reproduction.
_bPalo Alto, Calif. :
_cebrary,
_d2009.
_nAvailable via World Wide Web.
_nAccess may be limited to ebrary affiliated libraries.
650 0 _aInvestments, Foreign
_zIreland.
650 0 _aInternational business enterprises
_zIreland.
650 0 _aInvestments, Foreign
_zCosta Rica.
650 0 _aInternational business enterprises
_zCosta Rica.
650 0 _aHigh technology industries.
650 0 _aGlobalization.
655 7 _aElectronic books.
_2local
710 2 _aebrary, Inc.
856 4 0 _uhttp://site.ebrary.com/lib/rucke/Doc?id=10135460
_zAn electronic book accessible through the World Wide Web; click to view
999 _c187847
_d187847